Laufey Lyrics - Seems Like Old Times - Statistics

General Stats
  • This quiz has been taken 13 times
  • The average score is 138 of 150
Answer Stats
Lyrics % Correct
a
100%
And
100%
and
100%
here
100%
I
100%
it
100%
it’s
100%
just
100%
Just
100%
like
100%
my
100%
old
100%
Seems
100%
the
100%
times
100%
times,
100%
to
100%
was
100%
we
100%
with
100%
you
100%
arms
83%
around
83%
being
83%
dates
83%
day
83%
Dinner
83%
do
83%
doing
83%
flowers
83%
for
83%
have
83%
Having
83%
hours
83%
Staying
83%
still
83%
Still
83%
talk
83%
things
83%
thrill,
83%
up
83%
used
83%
walk
83%
come
67%
dreams
67%
found
67%
Making
67%
that
67%
true,
67%
No matching quizzes found
Score Distribution
Percent of People with Each Score
Percentile by Number Answered
Your Score History
You have not taken this quiz